000 00902nam a22002657a 4500
999 _c15599
_d15599
003 MIRAKIL
005 20240308162344.0
008 240308b tu ||||| |||| 00| 0 tur d
040 _aTR-AnCHP
_cTR-AnCHP
041 _atur
041 _aeng
082 _a793.319561
_bG79t 2002
090 _a793.319561 G79t 2002
100 _aGözaydın, Nevzat
245 1 0 _aTürk halk oyunları antolojisi 1 =
_bAnthology of Turkish folk dances 1 /
_cNevzat Gözaydın.
246 _aAnthology of Turkish folk dances 1
246 _aTürk halk oyunları
246 _aTurkish folk dances
260 _aİstanbul :
_bAhmed Nedim Çeker,
_c2002.
300 _a103, 57 s. :
_brnk. res. ;
_c26 cm.
_e4 CD.
500 _aMetin, Türkçe-İngilizce paralel
650 0 _97701
_aHalk oyunları
856 _zDijital Nüshası için Partimizin Kütüphane Sorumlusu ile iletişime geçiniz.
942 _2ddc
_cBKS